Histoire et dictionnaire de la Revolution francaise (Record no. 6400)

MARC details
000 -LEADER
campo de control de longitud fija 00945nam a2200289 i 4500
001 - NÚMERO DE CONTROL
campo de control 6400
003 - IDENTIFICADOR DE NÚMERO DE CONTROL
campo de control ES-MaACL
005 - FECHA Y HORA DE LA ÚLTIMA TRANSACCIÓN
campo de control 20240224063053.0
007 - CAMPO FIJO DE DESCRIPCIÓN FÍSICA--INFORMACIÓN GENERAL
campo de control de longitud fija t|
008 - DATOS DE LONGITUD FIJA--INFORMACIÓN GENERAL
campo de control de longitud fija 891010s1988 fr ||||1| fre d
020 ## - NÚMERO INTERNACIONAL ESTÁNDAR DEL LIBRO
Número Internacional Estándar del Libro 2-221-04588-2
080 ## - NÚMERO DE LA CLASIFICACIÓN DECIMAL UNIVERSAL
Número de la Clasificación Decimal Universal 323.272(44)"1789/1799"
080 ## - NÚMERO DE LA CLASIFICACIÓN DECIMAL UNIVERSAL
Número de la Clasificación Decimal Universal 9(44)"1789/1799"(03)
100 ## - ENTRADA PRINCIPAL--NOMBRE DE PERSONA
Nombre de persona Tulard, Jean,
9 (RLIN) 235258
Fechas asociadas al nombre 1933-
245 10 - MENCIÓN DEL TÍTULO
Título Histoire et dictionnaire de la Revolution francaise
Resto del título : 1789-1799 /
Mención de responsabilidad, etc. par Jean Tulard, Jean-Francois Fayard, Alfred Fierro.
250 ## - MENCION DE EDICION
Mención de edición 1e ed., 2e reimp.
260 ## - PUBLICACIÓN, DISTRIBUCIÓN, ETC.
Lugar de publicación, distribución, etc. Paris :
Nombre del editor, distribuidor, etc. Robert Laffont,
Fecha de publicación, distribución, etc. 1988.
300 ## - DESCRIPCIÓN FÍSICA
Extensión 1213 p. ;
Dimensiones 20 cm.
490 1# - MENCIÓN DE SERIE
Mención de serie Bouquins
651 #4 - PUNTO DE ACCESO ADICIONAL DE MATERIA--NOMBRE GEOGRÁFICO
Nombre geográfico Francia-
Subdivisión general Historia-
Subdivisión cronológica 1789-1799, Revolución-
Subdivisión de forma Diccionarios.
9 (RLIN) 8689
700 1# - ENTRADA AGREGADA--NOMBRE PERSONAL
Nombre de persona Fayard, Jean-Francois.
9 (RLIN) 49020
700 1# - ENTRADA AGREGADA--NOMBRE PERSONAL
Nombre de persona Fierro, Alfred.
9 (RLIN) 50709
830 0# - PUNTO DE ACCESO ADICIONAL DE SERIE-TÍTULO UNIFORME
Título uniforme Bouquins
9 (RLIN) 184870
852 ## - LOCALIZACIÓN
Ubicación ES-MaACL
Número de control de estantería L-13530
Sublocalización o colección R.117181
Nota libre . - rust.
942 ## - ELEMENTOS DE ENTRADA SECUNDARIOS (KOHA)
Fuente del sistema de clasificación o colocación Clasificación decimal universal
Holdings
Estatus retirado Estado de pérdida Estado de daño No para préstamo Biblioteca de origen Biblioteca actual Ubicación en estantería Fecha de adquisición Fuente de adquisición Total de préstamos Signatura topográfica completa Código de barras Visto por última vez Precio de reemplazo Tipo de ítem Koha
        Biblioteca del Ateneo de Madrid Biblioteca del Ateneo de Madrid Depósito 2 17/01/2008     L-13530 1006515 23/02/2023 23/02/2023 Libro impreso